00376cam a22001217a 4500008004000000020001500040082001500055100001600070245010200086260002900188300001000217650002700227180718b2001 xxu||||| |||| 00| 0 eng d a8177080113 aO1x54 So12 aSobti, Renu aMedical services and consumer protection in India: cases reviewed up to April 2001cBy Renu Sobti aDelhibNew Centuryc2001 a320p. aMedical policy - India